00616nam a22001697a 450000500170000001000150001702000260003203500140005803700130007208200080008524501550009326000430024827000960029130000210038770000190040870000190042720220808110451.0 aENG-134345 a9789387102804c220.00 aEN-117877 bDBAD/PUB a339 aRelationship Between Macro Economic Variables and Stock Market Indices-Evidence From Bombay Stock Exchange/cEdited by P. Srinivasan and K. Murugadoss aTamil NadubShanlax Publicationsc2018 a61, 66 T.P.K. Main Road, Vasantha NagarbMaduraie625003mpublisher@shanlaxpublications.com a194p.c22cm(pbk) aSrinivasan, P. aMurugadoss, K.